[Event "Welsh Seniors Championship"]
[Site "Merthyr Tydfil"]
[Date "2019.09.28"]
[Round "2.3"]
[White "Penny, Liam"]
[Black "Hurn, Robert"]
[Result "1-0"]
[WhiteElo "1674"]
[BlackElo "1608"]
[Annotator "kemen"]
[PlyCount "33"]
[EventDate "2019.??.??"]

1. d4 Nf6 2. Nf3 d5 3. e3 e6 (3... a6 4. Nbd2 e6 5. Bd3 Nc6 6. c3 Bd6 7. O-O
Bd7 8. Qe2 Na7 9. e4 $16 Bb5 $2 10. Bxb5+ Nxb5 11. e5 $18 {Penny-O'Rourke,
Welsh Seniors 2018,1-0}) 4. Bd3 c5 5. b3 {Rubinstein} (5. c3 {Colle}) 5... Be7
6. Bb2 O-O 7. O-O b6 8. Qe2 (8. Nbd2) 8... Bb7 9. Ne5 {10 games} (9. Nbd2 {
main, 128 games}) 9... Nbd7 (9... Nc6 {more frequent}) 10. f4 (10. Nd2) 10...
Ne4 11. Nd2 Nxd2 {main} (11... f5) (11... Rc8) 12. Qxd2 Nf6 (12... f5) (12...
Rc8) 13. Rf3 (13. c3 Ne4 14. Qe2 f6 15. Nf3 Bd6 16. Rfd1 Qe7 17. a4 Rac8 {
Piankov-Wagman, Wld ch Seniors,Arviers 2006,1-0}) (13. Qe2 a6 14. Rad1 Qc7 15.
a4 Rfe8 16. f5 exf5 17. Rxf5 Rf8 18. Rdf1 Bc8 19. R5f4 Bd6 20. Rxf6 Bxe5 21.
dxe5 gxf6 22. Rxf6 Re8 23. Qh5 Be6 24. Qh6 d4 25. exd4 cxd4 26. Bxh7+ Kh8 27.
Be4+ {Galan Aguado-Ojosnegros Martin, Oliver Gonzalez mem, Madrid 2011,1-0}) (
13. Rad1 {Stockfish8 & Komodo13}) 13... Rc8 (13... cxd4 14. Bxd4 Ne4 15. Qe1 f6
16. Ng4 Qe8 $11 {Komodo13}) (13... c4 {Rudy} 14. bxc4 (14. Be2 Ne4 $17) 14...
dxc4 15. Bxc4 Bxf3 16. Nxf3 Qc7 17. Bd3 b5 $15 {Komodo13}) 14. Qe2 (14. Rh3)
14... Bd6 (14... c4 {Rudy & Komodo13} 15. bxc4 dxc4 16. Bxc4 Bxf3 17. Nxf3 Qc7
18. Bb3 Ne4 19. c4 $11 {Komodo13, the Wh centre & 2 Bs give enough play for Wh}
) 15. Rh3 Qe7 (15... g6 {needs to be tried, though Wh does well against it} 16.
dxc5 bxc5 17. Nd7 $1 {wins an exchange, as} Nxd7 18. Qh5 $1 {mating}) (15... h6
{therefore,but the same move still works} 16. dxc5 bxc5 17. Nd7 $1 Qxd7 (17...
Nxd7 18. Rxh6 $1 (18. Bxg7 {also works}) 18... gxh6 19. Qg4+ {wins the Q}) 18.
Bxf6 gxf6 19. Qg4+ Kh8 20. Rxh6#) 16. Bxh7+ Nxh7 (16... Kh8 {lasts a little
longer} 17. dxc5 bxc5 18. Bd3+ Kg8 19. Ng4 Rfe8 20. Nxf6+ Qxf6 (20... gxf6 21.
Qg4+ Kf8 22. Rh8#) 21. Bxf6 gxf6 22. Rh7 Kf8 23. Qh5 Rc7 24. Bg6 $18 {Komodo13}
) 17. Qh5 1-0

[Event "Welsh Seniors Championship"]
[Site "Merthyr Tydfil"]
[Date "2019.09.28"]
[Round "3.1"]
[White "Phillips, William"]
[Black "Penny, Liam"]
[Result "0-1"]
[WhiteElo "1893"]
[BlackElo "1674"]
[Annotator "kemen"]
[PlyCount "65"]
[EventDate "2019.??.??"]

1. d4 d5 2. Nf3 e6 3. c4 Be7 4. Nc3 Nf6 5. Bg5 h6 6. Bh4 O-O 7. e3 Nbd7 8. Bd3
(8. Rc1 {waits for a tempo, when Bl has either} c6 {or} (8... b6) (8... c5 {
is a bit risky &}) (8... dxc4 {loses a tempo compared to the game})) 8... dxc4
9. Bxc4 c5 {Bl can play this active move now} (9... a6 {may be even better,
certainly in terms of results}) 10. O-O cxd4 (10... a6) 11. exd4 (11. Nxd4 {
avoids the isolated QP , but Bl has no problems against it}) 11... Nd5 (11...
Nb6 12. Bb3 Bd7 (12... Nbd5 {main})) (11... a6) 12. Bxe7 (12. Bg3 $14 {Komodo13
}) (12. Bxd5 Bxh4 13. Be4 Be7 14. Qe2 Nf6 15. Bc2 b6 16. Rad1 Bb7 17. Ne5 $11 {
Komodo13}) 12... Nxe7 13. Rc1 (13. Qe2 Nf6 14. Rfd1 Ned5 (14... Bd7 15. Ne5 Bc6
16. Nxc6 bxc6 17. Rac1 Qa5 18. Ne4 Nxe4 19. Qxe4 Qf5 $11 {Roese(2320)
-Wengenroth(2180),Oberliga NRW, 2000, 1/2-1/2}) 15. Rac1 b6 16. Ne4 Bb7 17. Ne5
Nf4 18. Nxf6+ Qxf6 19. Qg4 h5 20. Qg3 Rfd8 (20... h4 21. Qg4 Bxg2 $19 22. Nd7
Qh6 23. Nxf8 Bh3 24. Qf3 Qg5+ $19 {Komodo13}) 21. Bf1 h4 (21... Bxg2 $19) 22.
Qg4 g5 23. Rc7 $18 {Sabrowski (2114)-Kasper (1822), Berlin Lichtenberger 2012,
1-0}) 13... Nb6 14. Bb3 (14. Bd3 Nbd5 15. Bb1) 14... Nbd5 15. Re1 b6 16. Qd3 (
16. Nxd5 Nxd5 17. Qd3 Bb7 18. Bc2 Nf6 $11 {Komodo13}) 16... Bb7 17. Bc2 (17.
Ne5 $11) (17. Nxd5 Bxd5 18. Bxd5 Qxd5 $15 {Komodo13- when lots of pieces swap,
Wh has little attack, so the IQP becomes a weakness in the endgame}) 17... Nf6
(17... Nf5 $15 {Komodo13}) 18. Nd2 {going backward. To eliminate a defending N,
but the Bl pices become too active} (18. Red1 $11) 18... Nf5 $17 19. Nde4 Qxd4
(19... Nxe4 20. Nxe4 Qxd4 $17) 20. Nxf6+ gxf6 (20... Qxf6 $17 {preferred by
Komodo13} 21. g4 Rad8 22. Qh3 Nd4 23. Bd1 Qg5 {and Wh has just got further
weaknesses & a pawn down}) 21. Qb5 (21. Qh3 $11 {Komodo13}) 21... Qg4 $17 22.
Ne4 (22. Be4 {looks safer}) 22... Kh8 (22... Qg7 23. Ng3 Nd4 $17) 23. f3 {
creates further targets; it's best to refrain from pawn moves on the side
where you are under attack.} (23. Ng3 Nh4 24. Be4 Bxe4 25. Rxe4 Qg5 26. Qxg5
fxg5 $17) 23... Qg7 $19 (23... Qf4 $19) 24. Qd3 (24. Qe2) 24... Rad8 {now all
the Bl pieces are attacking, while the Wh ones lie passive} 25. Qc3 Nd4 (25...
e5) 26. Ng3 Rg8 27. Be4 Ba6 (27... Bxe4 28. fxe4 h5 $19 {Komodo13}) 28. Kf2 f5
29. Bd3 Bxd3 (29... f4 {Komodo13}) 30. Qxd3 f4 31. Qf1 (31. Kg1 fxg3 32. h3 Nf5
$19 {Komodo13}) 31... fxg3+ 32. hxg3 (32. Kg1 gxh2+ 33. Kh1 Nf5) 32... Qxg3+
33. Kg1 (33. Kg1 Nxf3+ {ends it all}) 0-1

[Event "Welsh Seniors Merthyr Tydfil"]
[Site "?"]
[Date "2019.09.28"]
[Round "3.2"]
[White "James, Dai"]
[Black "Hurn, Robert AJ"]
[Result "1-0"]
[WhiteElo "1858"]
[BlackElo "1608"]
[Annotator "kemen"]
[PlyCount "77"]
[EventDate "2019.05.21"]

1. e4 c5 2. Nc3 Nc6 3. g3 (3. Bb5 e5 4. f4 a6 5. Bxc6 dxc6 6. fxe5 Qg5 7. Qe2
Qxe5 8. Nf3 Qc7 9. O-O $14 {James-Hurn, S Wales Open 2015,1-0}) 3... g6 4. Bg2
Bg7 5. Nge2 d6 6. O-O e6 7. d3 Nge7 8. a4 {uncommon} (8. Be3) (8. f4 {main
lines}) 8... O-O 9. f4 Rb8 {back to more populated lines} 10. g4 (10. Be3 {
even more games}) 10... f5 {Cloud Engines} (10... Nd4 {2.5-1.5}) 11. Ng3 Nd4
$15 {0-4} (11... a6 {1.5-3.5}) 12. Nce2 $146 (12. h3) (12. Nb5) (12. gxf5)
12... b6 (12... fxg4 13. Nxd4 Bxd4+ 14. Kh1 h5 $15 {Komodo13}) 13. c3 (13. gxf5
exf5 14. c3 Nxe2+ 15. Qxe2 $11 Qc7 $15 {Komodo13}) 13... Nxe2+ 14. Qxe2 Ba6 (
14... fxg4 15. Qxg4 Qc7 16. Qh4 Rf7 $15 {Komodo13}) 15. Bd2 Qd7 16. Rfe1 Rbe8 (
16... fxg4 17. Qxg4 (17. h3 gxh3 18. Bxh3 Nc6 $19) 17... Bxd3 $17 {Komodo13})
17. Rad1 (17. exf5 exf5 18. Qe6+ Qxe6 19. Rxe6 fxg4 20. Rae1 Kf7 21. a5 Bxd3
22. axb6 axb6 23. Rxd6 Rd8 $11 {Komodo13}) 17... fxg4 (17... Qxa4 $2 18. Ra1
Qb5 19. exf5 $18 {Komodo13}) 18. h3 (18. Qxg4 Bxd3 $17) 18... Qc7 (18... gxh3
19. Bxh3 Nc6 $19 {Komodo13- the e6 pawn is easily maintainedin post}) 19. hxg4
c4 (19... Bb7) (19... Rf7) 20. d4 Qc8 (20... Bc8) 21. Bf3 (21. e5 Qd7 22. Ne4
d5 23. Nd6 Rb8 24. f5 $16 {Komodo13}) 21... e5 (21... Bb7 $11 {Komodo13}) (
21... Bxd4+ 22. cxd4 c3 23. Qg2 cxd2 24. Qxd2 Rf7 $11 {Stockfish10}) 22. dxe5
dxe5 23. f5 $18 {both Engines} Rd8 24. Bg5 Bf6 25. Rxd8 Qxd8 26. Rd1 (26. Bxf6
Rxf6 27. g5 Rd6 28. f6 Nc6 29. Nf1 $18 {Stockfish10}) 26... Qe8 (26... Bxg5 27.
Rxd8 Rxd8 {Stockfish10, is worth a try. Bl has lost control over the open file
as well as the bl squares. Meanwhile the B on f3 is a big pawn.} 28. Nf1 $18 {
should still be in Wh's favour, but Bl can make life difficult}) 27. Bxf6 Rxf6
28. g5 Rf8 29. f6 Nc6 30. Bg4 Nb8 (30... Nd8) (30... Bc8 $5) 31. Rd6 (31. Qh2
$1 {Stockfish10} Bc8 32. Be2 Be6 33. Nf5 $1 gxf5 34. exf5 Nd7 35. fxe6 Qxe6 36.
Qh6 Rf7 37. Bh5 $18) 31... Qxa4 32. Qd2 (32. Qh2 h5 33. Bxh5 Qa1+ 34. Nf1 {
mating in 9; Stockfish10}) 32... Nc6 $2 (32... Qb5 33. Be6+ Kh8 34. Rd8 Qc5+
35. Kg2 Bb5 36. Nf5 $18 {Stockfish10}) 33. Qd5+ Kh8 34. Qxc6 (34. Rd7 {mate in
7-Stockfish10}) 34... Qa1+ 35. Rd1 (35. Kg2 Qxb2+ 36. Be2) 35... Qxb2 36. Qd6 (
36. Qc7 Rg8 37. f7 {mate in 3, Stockfish10}) 36... Ra8 37. Qxe5 (37. Qd8+ Rxd8
38. Rxd8#) 37... Kg8 38. Be6+ (38. f7+ Kxf7 39. Qf6+ Ke8 40. Bd7#) 38... Kf8
39. Qd6+ 1-0

[Event "Welsh Seniors  Merthyr Tydfil"]
[Site "?"]
[Date "2019.09.28"]
[Round "3.3"]
[White "Pinch, David"]
[Black "Van Kemenade, R ."]
[Result "0-1"]
[WhiteElo "1646"]
[BlackElo "1885"]
[Annotator "kemen"]
[PlyCount "86"]
[EventDate "2019.09.28"]

{[%evp 0,17,28,28,27,-21,18,18,18,27,27,11,15,-5,6,9,38,17,46,-26]} 1. d4 Nf6
2. c4 e5 3. dxe5 Ng4 4. Nf3 Bc5 5. e3 Nc6 6. Be2 O-O 7. O-O Re8 8. b3 Ncxe5 9.
Nbd2 (9. Bb2 a5 (9... Nxf3+ 10. Bxf3 Ne5 11. Nc3 a5 12. Nd5 {Fathallah-Van
Kemenade, WLS ch 2014,1-0}) 10. Nxe5 Nxe5 11. Nc3 Ra6 {main, close to 400 games
}) 9... Qf6 {Cloud Engines} (9... a5 10. Bb2 Ra6 {main}) (9... d5 10. Bb2 dxc4
11. Nxc4 Nxc4 12. Bxc4 Qe7 13. Qc2 Bd6 14. h3 Ne5 15. Nxe5 Bxe5 16. Rad1 $14 {
Gurrero-Paba, COL ch U26, Risarald 2009,1-0}) (9... Nxe3 10. fxe3 Ng4 11. Nb1
d6 12. h3 Nxe3 13. Bxe3 Rxe3 14. Kh1 Qe7 15. Ng1 $14 {Komodo13}) 10. Nd4 (10.
Rb1 {Cloud Engines} d6 $11 (10... Nxe3 11. fxe3 Ng4 12. Kh1 Nxe3 13. Qe1 Qg6 (
13... Nxf1 14. Nxf1 Qg6 15. Ra1 b6 $11) 14. Rf2 d6 15. Rb2 Nc2 16. Qf1 Ne3 17.
Qe1 Bb4 18. Nd4 Bd7 19. Qg1 Bc3 20. Nb5 Bxb5 21. cxb5 Bd4 22. Nf1 Nxf1 (22...
Ng4 23. Bxg4 Qxg4 24. Rbc2 $11) 23. Qxf1 Bxf2 24. Qxf2 Re7 25. h3 $14 {Komodo13
})) (10. Nxe5 Qxe5 11. Rb1 Qxh2# {Leoppida-Hearthstones9,playchess.com, 2012,
0-1}) 10... Qg6 (10... Bxd4 11. exd4 Qf4 12. Bxg4 Qxd4 13. Bf5 Qxa1 14. Qc2 Qd4
15. Bxh7+ Kh8 16. Be4 a5 $15 {Komodo13}) (10... Qh4 11. N2f3 Nxf3+ 12. Nxf3 Qe7
13. h3 Nf6 14. Bb2 b6 $11 {Komodo13}) (10... d6 $5) 11. N2f3 (11. Nb5 {looked
at by Bl} d5 12. Nxc7 Nxh2 13. Bh5 (13. Nxe8 Bh3 14. g3 Nhg4 15. Nf3 Nxf2 16.
Rxf2 Qxg3+ 17. Kh1 Nxf3 18. Bxf3 Qxf2 $19)) (11. h3 Nf6 12. Nb5 d5 $1 13. Kh2 (
13. Nxc7 Bxh3 14. Bf3 Ne4 $1 {Komodo13} 15. Nxd5 Nxf3+ 16. Qxf3 Bg4 17. Qf4 Bd6
{wins the Q}) 13... Bf5 $17 14. Nxc7 Bc2 15. Qe1 Bd6 $19 {Komodo13}) 11...
Nxf3+ (11... d6) 12. Nxf3 a5 (12... b6 13. Ne1 Nf6 14. Bf3 Ne4 $11 (14... d5
15. Bb2 c6 $11 {Komodo13})) 13. Qd3 Qf6 (13... Qh6 14. h3 Nf6 15. e4 Qg6 16. e5
Ne4 17. Be3 Be7 $11 {Komodo13}) 14. Bd2 (14. Qb1 d6 15. Bb2 Ne5 16. Nxe5 dxe5
17. Rd1 $11 {Komodo13}) 14... d6 (14... Ra6 15. Bc3 Qh6 16. Bd4 Bf8 17. c5 Rg6
18. h3 Nf6 19. Ne5 Rg5 20. f4 Rg3 21. Kh2 Qh4 22. Rf3 Rxf3 23. Bxf3 d6 24. cxd6
Bxd6 25. Bc3 b6 26. Rd1 $16 {Komodo13}) 15. Bc3 Qh6 (15... Bf5 16. Bxf6 Bxd3
17. Bxd3 Nxf6 $11 {Komodo13}) (15... Ne5 16. Nxe5 dxe5 17. Rfd1 Bf5 18. Qd5 Qb6
19. Qf3 Qg6 $11 {Komodo13}) 16. Bd4 Ba3 (16... b6 17. h3 (17. Bxc5 bxc5 {
takes the d4 square from the N} 18. Rfe1 a4 $15) 17... Nf6 18. a3 Bb7 19. Bxf6
Qxf6 20. Nd2 d5 21. cxd5 Bxd5 22. Qxd5 Rad8 23. Qc4 Rxd2 24. Rfd1 Bd6 25. a4
$11 {Komodo13}) 17. Rad1 b6 (17... Bd7) 18. h3 Nf6 (18... Ne5 {initial idea,
but Bl thought this lost a pawn with little compensation} 19. Bxe5 dxe5 20. Qe4
(20. Qd5 c6 21. Qe4 f5 $17) 20... Rb8 (20... Be6 21. Qxe5 Bxc4 22. Bxc4 Rxe5
23. Nxe5 Qf6 24. Bxf7+ Kh8 25. Bd5 c6 26. Bxc6 Rc8 27. Bb7 Rc7 28. Bf3 $14 {
Komodo13}) 21. Nxe5 Bxh3 (21... Qf6 22. f4 Bb7 23. Qc2 Rbd8 $11 {Komodo13}) 22.
Nxf7 Qf6 23. Qf3 Be6 24. Qxf6 gxf6 25. Nh6+ Kg7 26. Ng4 Rbd8 27. Nh2 Bf5 28.
Nf3 $14 {Komodo13}) 19. Bxf6 Qxf6 20. Qd4 Qe7 (20... Bb2 {seen in pm analysis}
21. Qxf6 Bxf6 22. Nd4 Bb7 $11 {Komodo13}) 21. Qd5 Be6 22. Qg5 f6 (22... Qxg5
23. Nxg5 Bd7 24. Bf3 Rab8 25. Ne4 Bb4 26. Ng3 a4 27. Bg4 $11 {Komodo13}) 23.
Qf4 Bc5 (23... a4 24. Nd4 Bd7 25. Nb5 axb3 26. axb3 (26. Nxc7 bxa2 27. Nxa8
Rxa8 28. Qd4 Bc6 29. Ra1 Bc5 30. Qd2 Qb7 31. Rxa2 Rxa2 32. Qxa2 Bxg2 33. Ra1
Bxh3 34. Qa8+ Qxa8 35. Rxa8+ Kf7 36. Bd3 $14) 26... Rec8 27. Ra1 Bxb5 28. cxb5
Qe5 29. Bc4+ Kf8 30. Qf3 $16 {Komodo13}) 24. Nd4 Bd7 (24... Bxd4 25. exd4 d5
26. Bh5 Bf7 27. Bxf7+ Qxf7 28. cxd5 Red8 29. Rc1 Rd7 30. Rfe1 Rad8 31. Rc6 $16
{Komodo13}) 25. Bf3 Rac8 26. a4 Qe5 (26... c6) 27. Bd5+ Kh8 28. Qh4 c6 29. Bf3
Qg5 30. Qxg5 fxg5 31. Rfe1 g6 32. Re2 h5 33. Red2 g4 34. hxg4 hxg4 35. Be2 g3
36. Bf3 gxf2+ (36... Kg7) 37. Kxf2 Kg7 38. Rh1 Re5 39. Rh4 Rf8 (39... Rce8) 40.
Ke2 Rfe8 41. e4 g5 42. Rh3 Bxh3 43. gxh3 Rxe4+ 0-1

[Event "Welsh Seniors Championship"]
[Site "Merthyr Tydfil"]
[Date "2019.09.29"]
[Round "4.1"]
[White "Penny, Liam"]
[Black "James, Dai"]
[Result "1-0"]
[WhiteElo "1674"]
[BlackElo "1858"]
[Annotator "kemen"]
[PlyCount "91"]
[EventDate "2019.??.??"]

1. d4 Nf6 2. Nf3 g6 3. Nc3 {perhaps a Pirc ?} d5 (3... Bg7 4. e4 {is the idea})
4. Bf4 Bg7 5. Qd2 (5. e3 {most frequent}) 5... h6 (5... O-O 6. Bh6 Ne4 {
top GM practice}) (5... Ne4 {features lots of games with Hebden as Wh}) 6. Ne5
(6. O-O-O) (6. h3) (6. h4 {other sharp lines}) 6... c6 (6... Nh5 {1.5-2.5}) 7.
f3 g5 $146 (7... Nbd7 {2.5-3.5}) (7... Nfd7 {2-0}) (7... Nh5 {Cloud Engines} 8.
Be3 b5 9. O-O-O Qb6 10. Kb1 a5 {Jaluvka-Ilyes, Wld ch ICCF 1999,0-1}) 8. Bg3
Bf5 9. Bf2 (9. h4 g4 10. h5 Nbd7 11. O-O-O $16 {Komodo13}) (9. O-O-O $16) 9...
Nbd7 10. g4 (10. Nxd7 Qxd7 11. g4 Bg6 12. h4 $14 {Komodo13}) 10... Bh7 11. Nxd7
Qxd7 (11... Nxd7 12. O-O-O b5 {Komodo13}) 12. h4 O-O-O 13. O-O-O Bg6 14. h5 (
14. Kb1 $16) 14... Bh7 15. Bg3 Ne8 16. Na4 (16. Kb1) 16... b6 17. e3 Nc7 18.
Qb4 f6 (18... Rhe8 $11) 19. Rd3 $5 {an interesting longrange sacrifice, to
gain control over the Wh squares, & relying also on Rs being bad defenders.} (
19. Bd3 Bxd3 20. Rxd3 e5 21. Rb3 Qd6 $11 {Komodo13}) (19. c4 e5 20. c5 $16 {
Stockfish10}) 19... Bxd3 20. Bxd3 e5 (20... e6 $17 {Komodo13} 21. Nxb6+ {
Stockfish10 also goes in for this further sacrifice} axb6 22. Qxb6 Bf8 23. c4
Bd6 24. Bxd6 Qxd6 25. c5 Qd7 26. b4 Rdf8 27. a4 Kd8 28. b5 Ke7 29. bxc6 Qc8 30.
Re1 (30. Rh2 f5 31. Rb2 $17 {is Stockfish10's first deviation from the
analysis provided by Komodo13}) 30... Rd8 31. Qb7 Qxb7 32. cxb7 Rb8 33. c6 Kd6
34. Bb5 e5 35. Kd2 Rhf8 36. Kc3 $17 {Komodo13-however, to adapt Fischer 'every
continuation lasting 20 moves must have a hole in it somewhere.}) 21. Rd1 (21.
Bf5 Ne6 22. c4 $11 {both Engines}) 21... Qd6 (21... e4 {initially given as
much better for Bl by both Engines, is then met by} 22. Nxb6+ $1 axb6 23. Qxb6
exd3 24. Rxd3 Bf8 25. Rb3 {with Wh close to winning} Qe7 26. Qb7+ Kd7 27. Bxc7
Ke8 28. Bxd8 Qxb7 29. Rxb7 Kxd8 30. Ra7 {definite plus for Wh Komodo13,
winning for Wh Stockfish10}) 22. Qb3 Kb7 23. Nc5+ (23. Kb1 $11) (23. Bf5 $11 {
both Stockfish10}) 23... Ka8 24. Na4 Rb8 (24... Rhe8 {might be better- the Bl
position is under severe pressure}) 25. e4 (25. Bf5 Qe7 26. e4 $11 {Stockfish10
}) 25... Qe7 (25... Ne6 $17 {both Engines}) 26. dxe5 (26. exd5 cxd5 (26... Nxd5
27. Be4 $16) 27. Nc3 $16) 26... fxe5 27. exd5 cxd5 (27... Nxd5 28. Be4 Rhc8 29.
c4 (29. Nc3 Nf6 30. Bf5 Rd8 31. Re1 Qc5 32. Ne4 Nxe4 33. Bxe4 $15) 29... Nf6
30. Bf5 $11 {Stockfish10}) 28. Nc3 Rbd8 (28... Rb7 29. Nxd5 Nxd5 30. Qxd5 Rd8
31. Qe4 $14 {both Engines}) 29. Nxd5 $1 Nxd5 30. Be4 Kb8 31. Rxd5 (31. Bxd5 {
may be even stronger}) 31... Rd7 (31... Rd6 32. a4 Rhd8 33. Bf2 $14 {
Stockfish10}) 32. Qb5 (32. Bf2 $1 $18 {Stockfish10 (Komodo13 agrees)} Rf8 (
32... Rhd8 33. Bxb6 $1 $18) 33. Bc5 Qd8 34. Rxd7 Qxd7 35. Bxf8 Bxf8 36. c3 Be7
37. Bf5 Qd6 38. Qg8+ Bd8 39. Qc4 Qc5 40. Qd3 Be7 41. Be4 Qd6 42. Qa6 Qc7 43.
Qb5 Qd6 44. a3 $18 {the Wh Q side pawns will advance slowly , while the Bl B
is hemmed in by its own pawns}) 32... Rhd8 33. Qc6 Rxd5 34. Bxd5 Rxd5 (34...
Qd7 35. Qa8+ Kc7 36. Qxa7+ Kd6 37. Qxd7+ Rxd7 38. Be4 $16 {Komodo13} (38. c4
$16 {Stockfish10})) 35. Qxd5 $18 {Wh is a pawn up, controls the centre & Bl
has a very bad B} Kc7 36. c3 (36. Qa8 Kd6 37. Be1) (36. c4) 36... Bf6 37. Kc2
Qd6 {not much option according to Dai & both Engines} 38. Qxd6+ Kxd6 39. Kd3 b5
40. a3 (40. Ke4 {Wh creates a passed Q side pawn, then enters vis f5, winning
pawns & maybe even the B,} Bg7 41. Bf2 a5 42. b3 Bf6 43. c4) 40... Kd5 41. b3
Be7 42. c4+ bxc4+ 43. bxc4+ Ke6 44. a4 Bc5 45. Ke4 a6 46. Bxe5 1-0

[Event "Welsh Seniors Merthyr Tyfil"]
[Site "?"]
[Date "2019.09.27"]
[Round "4.2"]
[White "Hurn, Robert AJ"]
[Black "Van Kemenade, R."]
[Result "0-1"]
[WhiteElo "1608"]
[BlackElo "1885"]
[Annotator "kemen"]
[PlyCount "62"]
[EventDate "2019.09.29"]

{[%evp 0,18,19,31,54,56,58,29,37,41,29,34,43,42,33,33,78,60,78,55,68]} 1. d4 d6
2. Nf3 Nf6 (2... f5 {expected by Wh} 3. Bf4 Nf6 4. h3 h6 5. e3 g5 6. Bh2 Bg7 7.
Bc4 e6 8. Nbd2 Qe7 9. c3 Nc6 10. Qc2 O-O 11. O-O-O {Hurn-Van Kemenade,Welsh
Seniors 2018,1/2-1/2}) 3. c4 g6 {A King's Indian, but one in which Wh can no
longer play his usual Saemisch} 4. Nc3 Bg7 5. e4 O-O 6. Be2 e5 7. O-O Nc6 8. d5
Ne7 9. Ne1 Ne8 (9... Nd7 {main}) 10. Nd3 (10. Be3 f5 11. f3 f4 12. Bf2 {
gets to f2 in 2 moves} g5 {main, eg M Davies-Van Kemenade, S Wales Autumn 2012,
0-1}) 10... f5 11. f3 (11. Bd2 Nf6 12. f3 {main}) 11... f4 12. b4 {perhaps a
waste of a move, as Wh can play c5 without it} (12. Bd2) (12. c5 {main lines})
12... g5 13. c5 (13. g4 {has been played as well}) 13... Ng6 (13... h5 14. Nf2
Nf6 15. Bd2 Rf7 16. Rc1 Ng6 {is another possibility} 17. h3 Bf8 18. cxd6 cxd6
19. a4 Rg7 {and Bl usually gets g4 in anyway}) 14. Bd2 Rf7 15. Be1 $146 {
yet the Stockfish9 Engine was looking at this position in July 2018.} (15. Rc1
{2-0, though Wh was the higer rated player}) (15. Nb5 Bf8 16. Rc1 h5 {0-1
though Wh was the higher rated player}) (15. Kh1 $16 {Komodo13, though with
longrange manouevrings going on, Engines are less welladapted compared to
their superb tactical ability}) 15... Bf8 16. Bf2 {taking 3 moves to get to f2}
h5 17. a4 Nf6 {and Deep Shredder 12 was looking at this position in April 2019.
} (17... h4 {a Komodo13 suggestion, is met by} 18. h3 {and lacking g4 Bl will
have great difficulty breaking in}) 18. Rc1 (18. c6 $5) 18... g4 19. cxd6 (19.
Qe1 gxf3 20. Bxf3 $11 {Stockfish190817 in aug 2017.}) 19... cxd6 20. Be1 (20.
Re1 Bh6 21. Rc2 g3 22. hxg3 fxg3 23. Bxg3 h4 24. Bf2 Nh5 $11 {Komodo13}) 20...
Rg7 $11 (20... Bh6 $5) 21. Kh1 Nh8 $5 (21... g3 {Komodo13, considered} 22. hxg3
fxg3 23. Bxg3 h4 24. Be1 Nh5 25. Rg1 Qg5 $11 {with open lines as compensation
for the pawn}) 22. Bh4 a6 $5 (22... Be7 {Bl was concerned about a N invasion
on b5, but that is no real threat} 23. Nb5 (23. Bxf6 Bxf6 {and c7 is covered
again}) 23... Ne8) 23. b5 (23. a5 Ng6 (23... Be7 24. Na4 Rb8 25. Nb6 {and Wh
removes the Bl QB which is needed for a possible sacrifice on h3}) 24. Bg5 Nh8
25. Bh6 Rg6 26. Bxf8 Kxf8 27. Na4 Nf7 28. Nb6 Rb8 29. Nxc8 Rxc8 30. Rxc8 Qxc8
$11 {Komodo13}) 23... Be7 24. Be1 (24. bxa6 bxa6 25. Nb4 Qf8 26. Nc6 {gives Wh
a lot of Q side play} g3 27. hxg3 Ng6 28. Bg5 fxg3 29. Bh6 Nd7 30. f4 Nxf4 31.
Bxg7 Qxg7 $17 {gives Bl a lot of K side play, as Komodo13 recognises when it
gets there}) 24... axb5 (24... Nf7 25. bxa6 Rxa6 26. Nb2 gxf3 27. Bxf3 Ng5 $11
{Komodo13}) 25. Nxb5 Ne8 26. Qb3 {Wh has a tactical threat of Nxe5, but Bl
could ignore it} Nf7 (26... Bh4 27. Rc2 (27. Nxe5 dxe5 28. d6+ Kh7 29. Nc7 Bxe1
30. Nxe8 Qxe8 31. Rfxe1 Qg6 $19 {Komodo13, but the d pawn needs watching})
27... Nf7 28. Qb4 Bxe1 29. Rxe1 Ng5 30. Bd1 Kh8 $15 {Komodo13, but Bl has
whatever play there is}) (26... g3 27. Rc2 Bf8 28. Rxc8 {otherwise the B will
sac on h3} Rxc8 29. h3 Nf7 $15 {Komodo13, but Bl has all the chances}) 27. Bb4
{on the move again} (27. Na3 Bh4 28. Nc4 Bxe1 29. Nxe1 (29. Rfxe1 Qh4 30. Qb6
Ng5 $15) 29... Qh4 30. Qb6 Rxa4 31. Nxe5 g3 32. Qg1 dxe5 33. Rxc8 Nfd6 34. Rc1
Ra2 35. Rc2 Rxc2 36. Nxc2 Rc7 37. Nb4 $11 {Komodo13}) 27... Bh4 (27... g3 28.
Be1 (28. Rfd1 gxh2 29. Rc2 Bd7 30. Bf1 h4 $17) 28... Bf8 $19 {Komodo13}) (27...
Bf8 {Julie & Komodo13} 28. Rg1 g3 29. Rxc8 Qh4 30. h3 Ng5 31. Bf1 Rxc8 $17) 28.
Rc2 (28. Kg1 g3 29. h3 Bxh3 30. Qc3 Bd7 31. Nc7 Rc8 32. Ba5 Be7 33. Nxe8 Qxe8
34. Qb3 h4 $19 {Komodo13}) (28. fxg4 hxg4 29. Bd2 Bg3 30. Nxf4 exf4 31. Bxf4
Bxf4 32. Rxf4 Ne5 33. Rcf1 Qe7 $17 {Komodo13}) 28... Bg3 $19 29. Be1 (29. fxg4
Qh4 30. h3 hxg4 31. Bxg4 Bxg4 32. Nf2 Bxh3 33. Nxh3 Ng5 $19 {Komodo13}) 29...
Qh4 30. Bxg3 {the 9th and last move of the B} fxg3 31. h3 gxh3 (31... gxh3 32.
f4 hxg2+ 33. Kxg2 Qh3+ {all moves are with ch} (33... Qh2+ {a more complex
line that gives Wh a choice on move 35} 34. Kf3 g2 35. Bd1 gxf1=Q+ 36. Ke3 Rg3+
37. Bf3 Rxf3#) 34. Kf3 g2+ 35. Kf2 Qg3+ 36. Kg1 gxf1=Q+ 37. Kxf1 Qg1#) 0-1